Statistics for Top 5 Most Famous by First Name: W (#2)

Click here to take the quiz!

General Stats

  • This quiz has been taken 5 times
  • The average score is 8 of 50

Answer Stats

First NameLast NameHintLifespan% Correct
WarrenBuffettInvestor / Business Tycoon / Philanthropist / Chairman & CEO of Berkshire Hathaway1930-
100%
WarrenG. HardingU.S. President1865-1923
100%
WayneRooneyFootballer1985-
100%
WayneBradyActor / Singer / Comedian / Game Show Host / TV Personality1972-
75%
WayneGretzkyHockey Player & Coach1961-
75%
WarwickDavisActor / TV Presenter / Writer / Director / Comedian / Producer1970-
50%
WarrickDunnFootball Running Back1975-
50%
WayneNewtonSinger / Actor1942-
50%
WasimAkramCricketer / Cricket Coach / Commentator1966-
25%
WarrenBeattyActor / Director / Producer / Screenwriter1937-
25%
WendyRichardActress1943-2009
25%
WeiWeiPoet / Prose Writer / Literary Report Writer / Journalist / Vice-Editor-in-Chief / Newspaper Editor1920-2008
25%
WendyWilliamsBroadcaster / Businesswoman / Media Personality / Writer1964-
25%
WaqarYounisCricket Coach / Commentator / Cricketer1971-
25%
WaqarAhmad ShahMember of Indian Legislative Assembly1943-2018
0%
WaqarAhmed SethChief Justice of Peshawar High Court1961-2020
0%
WaqarAzmiUK Chief Diversity Adviser / EU Ambassador of Intercultural Dialogue / Founder & Chairman of Remembering Srebrenica1970-
0%
WaqasBarkatCricketer1990-
0%
WarrickBrownlow-PikePuppeter1985-
0%
WendyCarlosMusician / Composer1939-
0%
WarrickCouchAstronomer1954-
0%
WeiDaiComputer Engineer1976-
0%
WendyDavisLawyer / U.S. Congresswoman1963-
0%
WarrenEllisComic-Book Writer / Novelist / Screenwriter1968-
0%
WarwickFleurySailor????-
0%
WarwickFoxPhilosopher / Ethicist1954-
0%
WarrickGelantRugby Player1995-
0%
WarwickGobleIllustrator of Children's Books1862-1943
0%
WenGuohuiMayor of Guangzhou1963-
0%
WaqasHassan MokalMember of the Provincial Assembly of the Punjab1976-
0%
WasimJafferCricketer1978-
0%
WarrenJeffsPresident of the FLDS Church / Convicted Child Sexual Predator1955-
0%
WenJiabaoPremier of the People's Republic of China1942-
0%
WaqasKhanCricketer1999-
0%
WaqasMaqsoodCricketer1987-
0%
WendyO. WilliamsSinger / Songwriter / Actress1949-1998
0%
WenQimeiMother of Mao Zedong1867-1919
0%
WasimRajaSchoolteacher / Cricket Referee & Coach / Cricketer1952-2006
0%
WaqasSaeedRadio Presenter????-
0%
WasimSajjadActing President of Pakistan / Lawyer1941-
0%
WarrickSonyComposer / Producer / Sound Designer1958-
0%
WasimThajudeenRugby Player1984-2012
0%
WarwickThorntonFilm Director / Screenwriter / Cinematographer1970-
0%
WenTianxiangPoet / Politician1236-1283
0%
WeiWeiActress1922-
0%
WeiWeiSinger / Philanthropist / Standing Committee Member of the Chinese Peasants' & Workers' Democratic Party1963-
0%
WayneWilliamsSerial Killer1958-
0%
WeiWu WeiTheatre Producer1895-1986
0%
WaqarZakaVJ / TV Host1986-
0%
WenZhongAdvisor???-472
0%

Score Distribution

Percentile by Number Answered

Percent of People with Each Score

Your Score History

You have not taken this quiz